| 000 | 00436nam a22001457a 4500 | ||
|---|---|---|---|
| 082 | _aP-605 | ||
| 100 |
_aSameer bin saleem, Capt. _950789 |
||
| 245 | _aUse of marbel slurry as filler materials and crushed stone waste as replacement of sand in concrete | ||
| 260 |
_aRisalpur, _bMCE, _c2015. |
||
| 300 | _a85p. | ||
| 526 |
_a0 _b0 _c0 _dP_605 |
||
| 526 |
_a0 _b0 _c0 _dP_605 |
||
| 700 |
_aAsst Prof Arshad ali _950790 |
||
| 942 |
_2ddc _cBK |
||
| 999 |
_c553541 _d553541 |
||